[Event "Koge Bugt Vinter 2010"]
[Site "Solrod"]
[Date "2010.03.24"]
[Round "7.3"]
[White "Refsgaard, Kaj"]
[Black "Larsen, Jan Robert"]
[Result "1/2-1/2"]
[WhiteElo "1797"]
[BlackElo "1788"]
[PlyCount "33"]
[EventDate "2010.??.??"]
[WhiteTeam "Jernbanens Skakklub"]
[BlackTeam "Vordingborg Skakklub"]

1. e4 e5 2. f4 d5 3. exd5 c6 4. dxc6 Nxc6 5. Bc4 Bc5 6. d3 Qf6 7. Nc3 exf4 8.
Ne4 Qh4+ 9. Kf1 Bg4 10. Nf3 Bxf3 11. Qxf3 Nd4 12. Qxf4 Qxf4+ 13. Bxf4 Nxc2 14.
Rc1 Ne3+ 15. Bxe3 Bxe3 16. Re1 Bd4 17. Nf6+ 1/2-1/2

[Event "Koge Bugt Vinter 2010"]
[Site "Solrod"]
[Date "2010.03.24"]
[Round "7.4"]
[White "Forsmann, Henning"]
[Black "Johannsen, Bjørn"]
[Result "0-1"]
[WhiteElo "1770"]
[BlackElo "1553"]
[PlyCount "138"]
[EventDate "2010.??.??"]
[WhiteTeam "Solrød Skakklub"]
[BlackTeam "Haslev Skakklub"]

1. g3 d5 2. Bg2 Bf5 3. Nf3 e6 4. O-O Bd6 5. d4 c6 6. Nbd2 Nd7 7. c4 Ngf6 8. c5
Bc7 9. Nh4 Bg4 10. Qe1 e5 11. dxe5 Bxe5 12. Nhf3 Qe7 13. Nxe5 Qxe5 14. Nf3 Bxf3
15. exf3 O-O 16. Qb4 b5 17. cxb6 axb6 18. Bf4 Qf5 19. Qc3 c5 20. Bd6 Rfe8 21.
g4 Qe6 22. Bg3 d4 23. Qc2 Rxa2 24. Bh3 Rxa1 25. Rxa1 Ne5 26. Kg2 Qd5 27. Qd1 d3
28. g5 Nh5 29. Bf5 g6 30. Be4 Qd4 31. Bxe5 Rxe5 32. Ra8+ Kg7 33. Qd2 c4 34. h4
Rb5 35. Ra2 Qe5 36. Bb7 Qe2 37. Qc3+ Qe5 38. Qd2 Nf4+ 39. Kg1 Ne2+ 40. Kg2 Qd4
41. Be4 Re5 42. Ra1 Rxe4 43. fxe4 Qxe4+ 44. f3 Qxh4 45. Qe1 Qxg5+ 46. Kf2 Qg3+
47. Ke3 Qf4+ 48. Kf2 Qd4+ 49. Kg2 Qxb2 50. Rd1 b5 51. Rd2 Qe5 52. Qh4 g5 53.
Qg4 h6 54. Kf2 Nf4 55. Qd7 Qc5+ 56. Kf1 Qe3 57. Ra2 Qxf3+ 58. Ke1 Qh1+ 59. Kd2
Qg2+ 60. Kd1 Qxa2 61. Qd4+ f6 62. Qd7+ Kg6 63. Qe8+ Kf5 64. Qd7+ Ne6 65. Qd5+
Kf4 66. Qd6+ Kf3 67. Qd5+ Kg3 68. Qxe6 Qc2+ 69. Ke1 d2+ 0-1

[Event "Koge Bugt Vinter 2010"]
[Site "Solrod"]
[Date "2010.03.24"]
[Round "7.5"]
[White "Hansen, Erik Levin"]
[Black "Jørgensen, Leif"]
[Result "1-0"]
[WhiteElo "1486"]
[BlackElo "1710"]
[PlyCount "141"]
[EventDate "2010.??.??"]
[WhiteTeam "Haslev Skakklub"]
[BlackTeam "Solrød Skakklub"]

1. e4 e5 2. Nf3 Nc6 3. Bb5 a6 4. Ba4 b5 5. Bb3 d6 6. O-O Nf6 7. Re1 Be7 8. c3
Bb7 9. d4 exd4 10. cxd4 Na5 11. Bc2 O-O 12. Nbd2 Rc8 13. Nf1 Re8 14. Ng3 g6 15.
Bd2 c5 16. d5 Nc4 17. Qc1 Nxd2 18. Qxd2 Ng4 19. h3 Ne5 20. Nxe5 dxe5 21. a4 b4
22. b3 Bg5 23. Qe2 Qf6 24. Bd3 Ra8 25. Nf1 Red8 26. Ne3 Bc8 27. Rac1 Qd6 28.
Rc2 Qf8 29. Nc4 Bf6 30. Nb6 Rb8 31. Nxc8 Rbxc8 32. Bxa6 Rc7 33. Bc4 Rd6 34. a5
Be7 35. Ra2 Ra7 36. a6 Rb6 37. Rf1 Bd6 38. Qg4 Kg7 39. Re1 f5 40. exf5 Qxf5 41.
Qxf5 gxf5 42. Rae2 Kf6 43. g4 Rg7 44. f3 Bb8 45. Rg2 f4 46. Ra2 Ba7 47. Kf2 Re7
48. Re4 Kg5 49. Rae2 Kf6 50. h4 h6 51. Rd2 Rd7 52. Ke2 Rdd6 53. Kd3 Bb8 54. Re1
Rd7 55. Ke4 Rdd6 56. Ra1 Ba7 57. Rg1 Bb8 58. Ra2 Rd7 59. g5+ hxg5 60. Rxg5 Rh7
61. Rag2 Kf7 62. d6+ Ke8 63. Rxe5+ Kd7 64. Re7+ Rxe7+ 65. dxe7 Kxe7 66. Rg7+
Kd8 67. a7 Bxa7 68. Rxa7 Rh6 69. Kd5 Rxh4 70. Kd6 Rh6+ 71. Be6 1-0

[Event "Koge Bugt Vinter 2010"]
[Site "Solrod"]
[Date "2010.03.24"]
[Round "7.6"]
[White "Meyer, Johannes S. August "]
[Black "Christensen, Verner"]
[Result "1/2-1/2"]
[WhiteElo "1379"]
[BlackElo "1978"]
[PlyCount "72"]
[EventDate "2010.??.??"]
[WhiteTeam "Solrød Skakklub"]
[BlackTeam "Solrød Skakklub"]

1. g3 d5 2. Bg2 e5 3. Nf3 Nc6 4. d3 Nf6 5. O-O g6 6. c3 Bg7 7. Qc2 O-O 8. Nbd2
Bg4 9. h3 Be6 10. Ng5 Qd7 11. Nb3 b6 12. c4 Rad8 13. Nxe6 fxe6 14. Bg5 Nb4 15.
Qd2 c5 16. a3 Nc6 17. Rac1 Qc7 18. Bh6 Rf7 19. Bxg7 Kxg7 20. Qc3 Nd4 21. Nxd4
exd4 22. Qd2 Qd6 23. b4 e5 24. cxd5 Nxd5 25. bxc5 bxc5 26. Bxd5 Qxd5 27. Rc4
Rdf8 28. e4 Qe6 29. Kg2 Qe7 30. Qc2 Rc8 31. Rc1 Qf8 32. Qd2 h6 33. R1c2 Rfc7
34. Qe2 h5 35. Qd2 Qf6 36. h4 Kh7 1/2-1/2

[Event "Koge Bugt Vinter 2010"]
[Site "Solrod"]
[Date "2010.03.24"]
[Round "7.7"]
[White "Hein, Jacob"]
[Black "Orup, Kim Amdi"]
[Result "0-1"]
[WhiteElo "1550"]
[BlackElo "1464"]
[PlyCount "80"]
[EventDate "2010.??.??"]
[WhiteTeam "Espergærde Skakklub"]
[BlackTeam "Køge Skakklub"]

1. d4 f5 2. c4 Nf6 3. Nc3 d6 4. Bg5 e6 5. e4 Be7 6. Bd3 h6 7. Bxf6 Bxf6 8. Qh5+
Kf8 9. exf5 Bxd4 10. fxe6 Bxc3+ 11. bxc3 Bxe6 12. Ne2 Qf6 13. O-O Bf7 14. Qh3
Be6 15. Qe3 Nd7 16. Rae1 Ne5 17. Nf4 Bxc4 18. Bxc4 Nxc4 19. Ne6+ Kf7 20. Qf4
Qxf4 21. Nxf4 Nd2 22. Re3 Nxf1 23. Kxf1 Rhe8 24. Rf3 Kg8 25. Rg3 Re5 26. h4
Rae8 27. Kg1 Re1+ 28. Kh2 R8e4 29. Rf3 g5 30. hxg5 hxg5 31. Ng6 Kg7 32. Nf8
Rh4+ 33. Kg3 Rf4 34. Nd7 Rxf3+ 35. Kxf3 Re7 36. Nb8 Kf6 37. Kg4 Ke6 38. Kxg5
Rg7+ 39. Kf4 Rxg2 40. Kf3 Rg8 0-1

[Event "Koge Bugt Vinter 2010"]
[Site "Solrod"]
[Date "2010.03.24"]
[Round "7.8"]
[White "Pondal, Jesper"]
[Black "Krag-Jacobsen, Alan"]
[Result "1-0"]
[WhiteElo "1821"]
[BlackElo "1429"]
[PlyCount "81"]
[EventDate "2010.??.??"]
[WhiteTeam "Køge Skakklub"]
[BlackTeam "Solrød Skakklub"]

1. d4 Nf6 2. Bg5 Ne4 3. Bf4 d6 4. f3 Nf6 5. e4 g6 6. Qd2 h5 7. Nc3 Nbd7 8. e5
dxe5 9. dxe5 Ng8 10. e6 fxe6 11. Bd3 Bg7 12. Bxg6+ Kf8 13. Nb5 e5 14. Qd5 e6
15. Qxe6 Qe7 16. Qf5+ Bf6 17. Be3 Nb6 18. Qd3 Be6 19. Bxb6 axb6 20. a3 Rd8 21.
Qe2 Bg7 22. Be4 c6 23. Nc3 Nf6 24. Rd1 Kf7 25. Qe3 Rxd1+ 26. Kxd1 Rd8+ 27. Kc1
b5 28. Nge2 Qf8 29. Kb1 Rd7 30. Qg5 Nxe4 31. Qxh5+ Ke7 32. Nxe4 Qd8 33. Qh4+
Ke8 34. Qxd8+ Rxd8 35. N2c3 Bh6 36. g4 Bf4 37. h4 Ke7 38. Nc5 Bc8 39. N3e4 Rf8
40. Nd3 Ke6 41. Rh3 1-0

[Event "Koge Bugt Vinter 2010"]
[Site "Solrod"]
[Date "2010.03.24"]
[Round "7.9"]
[White "Larsen, Poul M"]
[Black "Thomsen, Heinrich Kirch"]
[Result "1-0"]
[WhiteElo "1537"]
[BlackElo "1240"]
[PlyCount "63"]
[EventDate "2010.??.??"]
[WhiteTeam "Haslev Skakklub"]
[BlackTeam "Solrød Skakklub"]

1. d4 Nf6 2. c4 g6 3. f3 Bg7 4. e4 d6 5. Be3 O-O 6. Nc3 Nbd7 7. Qd2 c5 8. Nge2
cxd4 9. Nxd4 a6 10. Be2 Qc7 11. O-O Ne5 12. b3 Bd7 13. Rac1 Nc6 14. Nd5 Qd8 15.
Nxc6 bxc6 16. Bb6 Qb8 17. Nxf6+ Bxf6 18. Be3 Bg7 19. c5 f5 20. cxd6 Qxd6 21.
Qxd6 exd6 22. Rfd1 d5 23. exd5 Rfe8 24. Kf2 cxd5 25. Rxd5 Rxe3 26. Kxe3 Bh6+
27. f4 Re8+ 28. Kf3 Bc8 29. Rd4 Bb7+ 30. Kf2 Bg7 31. Rdc4 Bxg2 32. Rc8 1-0

[Event "Koge Bugt Vinter 2010"]
[Site "Solrod"]
[Date "2010.03.24"]
[Round "7.11"]
[White "Jensen, Carsten"]
[Black "Øllgaard, Lars"]
[Result "1/2-1/2"]
[WhiteElo "1109"]
[BlackElo "1485"]
[PlyCount "74"]
[EventDate "2010.??.??"]
[WhiteTeam "Enkeltmedlemmer"]
[BlackTeam "Solrød Skakklub"]

1. e4 e5 2. Nf3 Nc6 3. Bb5 Bc5 4. a3 Nf6 5. Nc3 Ng4 6. O-O d6 7. h3 Nf6 8. d3
h6 9. b4 Bb6 10. Bb2 Bd7 11. a4 Nxb4 12. Bxd7+ Qxd7 13. a5 Bc5 14. Ba3 Qc6 15.
Qb1 Na6 16. Bxc5 Nxc5 17. Qb5 Qxb5 18. Nxb5 Kd7 19. Rfb1 c6 20. Nc3 Rab8 21.
Rb4 g5 22. Rab1 Kc7 23. d4 exd4 24. Rxd4 Rhe8 25. Rbb4 Re7 26. Nd2 h5 27. f3 g4
28. Kf2 Rg8 29. Nc4 Re6 30. Ne3 Nfd7 31. Rb1 Ne5 32. Rdb4 Rb8 33. Kg3 gxf3 34.
gxf3 Rg8+ 35. Kf2 Rb8 36. Nf5 Ree8 37. Rd1 Rbd8 1/2-1/2